English English Malayalam Dictionary (Malayalam) 2 V (Record no. 20389)
[ view plain ]
| 000 -LEADER | |
|---|---|
| fixed length control field | 00311nam a2200109Ia 4500 |
| 082 ## - DEWEY DECIMAL CLASSIFICATION NUMBER | |
| Classification number | 030=111=573.14 |
| Item number | PIL.1-2 |
| 100 ## - MAIN ENTRY--AUTHOR NAME | |
| Personal name | Ramalingam Pillai, T |
| 245 #0 - TITLE STATEMENT | |
| Title | English English Malayalam Dictionary (Malayalam) 2 V |
| 260 ## - PUBLICATION, DISTRIBUTION, ETC. (IMPRINT) | |
| Place of publication | Trivandrum |
| Name of publisher | RS Pillai |
| 942 ## - ADDED ENTRY ELEMENTS (KOHA) | |
| Koha item type | Books |
| Withdrawn status | Lost status | Damaged status | Not for loan | Home library | Current library | Date acquired | Full call number | Accession Number | Koha item type |
|---|---|---|---|---|---|---|---|---|---|
| RRII Library | RRII Library | 16/12/2021 | 030=111=573.14 PIL.1-2 | 01116 | Books |